| 000 | 00809nam a2200253 a 4500 | ||
|---|---|---|---|
| 999 |
_c5779 _d5779 |
||
| 001 | 5779 | ||
| 003 | BD-JhCC | ||
| 005 | 20171221110951.0 | ||
| 008 | 171221s1984 nyua b 001 0 eng d | ||
| 020 | _a0442245750 | ||
| 035 | _a(BD-JhCC)5779 | ||
| 040 |
_aBD-JhCC _cDLC _dBD-JhCC |
||
| 041 | _aeng | ||
| 050 | 0 | 0 |
_aTH7413 _b.J66 1984 |
| 082 | 0 | 0 |
_a697/.78 _219 _bJON 1984 |
| 100 | 1 |
_aJones, Robert W. _q(Robert William), _d1940- |
|
| 245 | 1 | 4 |
_aThe sunspace primer : _ba guide for passive solar heating / _cRobert W. Jones, Robert D. McFarland. |
| 260 |
_aNew York : _bVan Nostrand Reinhold, _cc1984. |
||
| 300 |
_axiv, 285 p. : _bill. ; _c24 cm. |
||
| 504 | _aIncludes bibliographical references and index. | ||
| 650 | 0 |
_aSolar heating _xPassive systems. |
|
| 700 | 1 | _aMcFarland, Robert D. | |
| 942 |
_2ddc _cBK |
||